Birendra Kumar Bhattacharyya : (Record no. 92989)

MARC details
000 -LEADER
fixed length control field 00563nam a22001817a 4500
005 - DATE AND TIME OF LATEST TRANSACTION
control field 20150519155441.0
010 ## - LCCN (DPL NO)
LC control number ENG-112712
020 ## - INTERNATIONAL STANDARD BOOK NUMBER
International Standard Book Number 9788172132262
Terms of availability 400.00
035 ## - SYSTEM CONTROL NUMBER
System control number EN-96244
037 ## - SOURCE OF ACQUISITION
Source of stock number/acquisition DBAD/PUB
082 ## - DEWEY DECIMAL CLASSIFICATION NUMBER
Classification number 921
100 ## - MAIN ENTRY--PERSONAL NAME
Personal name Hazarika, Karabi
245 ## - TITLE STATEMENT
Title Birendra Kumar Bhattacharyya :
Statement of responsibility, etc by Karabi Hazarika
Remainder of title studies on modern Assamese writers /
260 ## - PUBLICATION, DISTRIBUTION, ETC. (IMPRINT)
Place of publication, distribution, etc Guwahati
Name of publisher, distributor, etc Purbanchal Prakash
Date of publication, distribution, etc 2014
270 ## - ADDRESS
Address H.N.2, Sewjee Path, Wireless,
City Guwahati
Postal code 781001
300 ## - PHYSICAL DESCRIPTION
Extent 160p.
Dimensions 23cm(Hb)
942 ## - ADDED ENTRY ELEMENTS (KOHA)
Source of classification or shelving scheme Dewey Decimal Classification
Item type English Books
Call number suffix BIR
Classification part 921
Holdings
Withdrawn status Lost status Not for loan Collection code Home library Current library Date acquired Source of acquisition Cost, normal purchase price Full call number Barcode Copy number Cost, replacement price Koha item type
    Not For Loan Non-fiction D.B.Act.Division D.B.Act.Division 16/04/2015 DBAD/PUB 400.00 921 BIR EN-96244 1 400.00 English Books

© Delhi Public Library
Hit Counter
free hit counter